| 000 | 00559nam a2200169 a 4500 | ||
|---|---|---|---|
| 001 | 000034852 | ||
| 005 | 20200930073937.0 | ||
| 008 | 111020s1949 fr a 000 0 spa d | ||
| 040 |
_aDO-SdBNP _bspa _cBNPHU |
||
| 082 | _axxxx | ||
| 100 | 1 |
_aMabille, Pierre _960382 |
|
| 245 | 1 | 0 |
_aInitiation a la connaissance de l' homme / _cPierre Mabille. |
| 260 |
_aParis : _bPresses Universitaires de France, _c1949. |
||
| 300 |
_a202 p. : _bil. ; _c23 cm. |
||
| 490 | 1 | _aBiblioteque de philosophie contemporaine | |
| 830 | 0 |
_aBiblioteque de philosophie contemporaine _960383 |
|
| 999 |
_c34343 _d34343 |
||